| 000 | 01048cab a2200289 4500 | ||
|---|---|---|---|
| 001 | ABS57206 | ||
| 008 | 090401t1997 xxu||||| |||| 00| 0 eng d | ||
| 035 | _a(Sirsi) u79163 | ||
| 041 | _aeng | ||
| 100 | _aMaughan, B. | ||
| 245 | _aCanary Wharf and proprietary interests in land | ||
| 260 | _c1997 | ||
| 350 | _a0 | ||
| 490 |
_aNew Law Journal _v147(6797) 20 June 1997, 914-916(3) |
||
| 520 | _aDiscusses the cases "Hunter v Canary Wharf Ltd" and "Hunter v London Docklands Corporation" (Abs57016) which held that interferance with television reception is not a nuisance actionable by any party, and considers the relevance of this to proprietary interests in land. | ||
| 650 | _aCANARY WHARF | ||
| 650 | _aHUNTER V CANARY WHARF LTD | ||
| 650 | _aHUNTER V LONDON DOCKLANDS CORPORATION | ||
| 650 | _aINTERFERENCE | ||
| 650 | _aNUISANCE | ||
| 650 | _aPROPRIETARY INTEREST IN LAND | ||
| 650 | _aTELEVISION RECEPTION | ||
| 650 | _aTELEVISION SIGNALS | ||
| 690 | _aPROPERTY LAW AND PRACTICE | ||
| 942 | _n0 | ||
| 948 | _c24/06/1997 | ||
| 999 |
_c49759 _d49759 |
||